Statystyki dla 15 krajów o największej liczbie zgonów Covid19 - 25 kwi 2021

Kliknij tutaj aby rozwiązać quiz!

Ogólne statystyki

  • Ten quiz został rozwiązany 24 razy
  • Średni wynik to 12 z 24

Statystyki odpowiedzi

kraj% Poprawnych
Francja
88%
Stany Zjednoczone
88%
Hiszpania
83%
Polska
83%
Rosja
79%
Wielka Brytania
79%
Niemcy
75%
Włochy
71%
Brazylia
67%
Indie
67%
Meksyk
58%
Argentyna
46%
Czechy
42%
Kolumbia
38%
Peru
38%
Słowacja
38%
Iran
33%
Węgry
29%
Belgia
25%
Słowenia
25%
Chorwacja
17%
Bułgaria
13%
Macedonia Północna
8%
Bośnia i Hercegowina
4%

Rozkład punktacji

Percentyl według liczby udzielonych odpowiedzi

Procent ludzi z każdym wynikiem

Twoja historia wyników

Nie rozwiązałeś tego quizu